| 000 | 01440nam a2200361Ia 4500 | ||
|---|---|---|---|
| 001 | ebr10054738 | ||
| 003 | CaPaEBR | ||
| 006 | m u | ||
| 007 | cr cn||||||||| | ||
| 008 | 991214s2000 enka sb 001 0 eng d | ||
| 010 | _z 99087826 | ||
| 020 | _z0203164997 | ||
| 020 | _z0415214467 (alk. paper) | ||
| 020 | _z0415214475 (pbk. : alk. paper) | ||
| 040 |
_aCaPaEBR _cCaPaEBR |
||
| 035 | _a(OCoLC)560054456 | ||
| 050 | 1 | 4 |
_aP96.E57 _bE57 2000eb |
| 082 | 0 | 4 |
_a070.4/493637 _221 |
| 245 | 0 | 0 |
_aEnvironmental risks and the media _h[electronic resource] / _cedited by Stuart Allan, Barbara Adam and Cynthia Carter. |
| 260 |
_aLondon ; _aNew York : _bRoutledge, _c2000. |
||
| 300 |
_axv, 278 p. : _bill. |
||
| 504 | _aIncludes bibliographical references (p. [241]-264) and index. | ||
| 533 |
_aElectronic reproduction. _bPalo Alto, Calif. : _cebrary, _d2009. _nAvailable via World Wide Web. _nAccess may be limited to ebrary affiliated libraries. |
||
| 650 | 0 | _aMass media and the environment. | |
| 650 | 0 |
_aEnvironmental health _xPress coverage. |
|
| 650 | 0 |
_aEnvironmental protection _xPress coverage. |
|
| 655 | 7 |
_aElectronic books. _2local |
|
| 700 | 1 |
_aAllan, Stuart, _d1962- |
|
| 700 | 1 |
_aAdam, Barbara, _d1945- |
|
| 700 | 1 |
_aCarter, Cynthia, _d1959- |
|
| 710 | 2 | _aebrary, Inc. | |
| 856 | 4 | 0 |
_uhttp://site.ebrary.com/lib/rucke/Doc?id=10054738 _zAn electronic book accessible through the World Wide Web; click to view |
| 999 |
_c177759 _d177759 |
||